000 00475nam a2200181Ia 4500
001 4513
005 20260306145801.0
008 260306t2010||||xx |||||||||||||| ||spa||
041 _aESP
082 _a323.6
_bA77
100 _aArroyo, Juan
_eAUT
245 0 _aLa identidad en el Perú:
_bconflictos interculturales en los servicios de documentación
260 _c2010
300 _a110 páginas :
_c24 cm.
650 _aGEN
654 _aCHU
942 _cLIB
_dJUS
_fJUS
_2ddc
_n
999 _c4513
_d4513